<?xml version="1.0" encoding="UTF-8"?>
<record
    xmlns:xsi="http://www.w3.org/2001/XMLSchema-instance"
    xsi:schemaLocation="http://www.loc.gov/MARC21/slim http://www.loc.gov/standards/marcxml/schema/MARC21slim.xsd"
    xmlns="http://www.loc.gov/MARC21/slim">

  <leader>01040nam a2200241 a 4500</leader>
  <controlfield tag="001">38525</controlfield>
  <controlfield tag="003">BD-RjUL</controlfield>
  <controlfield tag="005">20211209052819.0</controlfield>
  <controlfield tag="008">170504m1982    ii ||||| |||| 00| d ben d</controlfield>
  <datafield tag="035" ind1=" " ind2=" ">
    <subfield code="a">(BD-RjUL)38630</subfield>
  </datafield>
  <datafield tag="040" ind1=" " ind2=" ">
    <subfield code="a">BD-RjUL</subfield>
    <subfield code="b">ben</subfield>
    <subfield code="c">BD-RjUL</subfield>
  </datafield>
  <datafield tag="041" ind1=" " ind2=" ">
    <subfield code="a">ben</subfield>
  </datafield>
  <datafield tag="082" ind1=" " ind2=" ">
    <subfield code="2">23</subfield>
    <subfield code="a">839.8226</subfield>
    <subfield code="b">IBI 1982</subfield>
  </datafield>
  <datafield tag="100" ind1="1" ind2=" ">
    <subfield code="a">&#x987;&#x9AC;&#x9B8;&#x9C7;&#x9A8;, &#x9B9;&#x9C7;&#x9A8;&#x9B0;&#x9BF;&#x995;</subfield>
    <subfield code="9">123071</subfield>
  </datafield>
  <datafield tag="245" ind1="1" ind2="0">
    <subfield code="a">&#x987;&#x9AC;&#x9B8;&#x9C7;&#x9A8; &#x9A8;&#x9BE;&#x99F;&#x9CD;&#x9AF;&#x9B8;&#x9AE;&#x9CD;&#x9AD;&#x9BE;&#x9B0; /</subfield>
    <subfield code="c">&#x9B9;&#x9C7;&#x9A8;&#x9B0;&#x9BF;&#x995; &#x987;&#x9AC;&#x9B8;&#x9C7;&#x9A8; ; &#x985;&#x9A8;&#x9C1;&#x9AC;&#x9BE;&#x9A6; &#x993; &#x9B8;&#x9AE;&#x9CD;&#x9AA;&#x9BE;&#x9A6;&#x9A8;&#x9BE; &#x9B8;&#x9C1;&#x9A8;&#x9C0;&#x9B2;&#x995;&#x9C1;&#x9AE;&#x9BE;&#x9B0; &#x998;&#x9CB;&#x9B7; </subfield>
  </datafield>
  <datafield tag="260" ind1=" " ind2=" ">
    <subfield code="a">&#x995;&#x9B2;&#x9BF;&#x995;&#x9BE;&#x9A4;&#x9BE; :</subfield>
    <subfield code="b">&#x9B8;&#x9BE;&#x9A8;&#x9CD;&#x9AF;&#x9BE;&#x9B2; &#x9AA;&#x9CD;&#x9B0;&#x995;&#x9BE;&#x9B6;&#x9A8;, </subfield>
    <subfield code="c">&#x9E7;&#x9EF;&#x9EE;&#x9E6;-&#x9E7;&#x9EF;&#x9EE;&#x9E8;</subfield>
  </datafield>
  <datafield tag="300" ind1=" " ind2=" ">
    <subfield code="a">&#x996;&#x9A3;&#x9CD;&#x9A1; ;</subfield>
    <subfield code="c">&#x9E8;&#x9E8; &#x9B8;&#x9C7;&#x9AE;&#x9BF;.</subfield>
  </datafield>
  <datafield tag="505" ind1="0" ind2=" ">
    <subfield code="a">&#x996;&#x9A3;&#x9CD;&#x9A1; &#x9E7;-- &#x996;&#x9A3;&#x9CD;&#x9A1; &#x9E8;-- &#x996;&#x9A3;&#x9CD;&#x9A1; &#x9E9;--</subfield>
  </datafield>
  <datafield tag="650" ind1=" " ind2=" ">
    <subfield code="a">&#x9A8;&#x9B0;&#x993;&#x9AF;&#x9BC;&#x9C7;&#x99C;&#x9BF;&#x9AF;&#x9BC;&#x9BE;&#x9A8; &#x9A8;&#x9BE;&#x99F;&#x995;</subfield>
    <subfield code="y">&#x9E7;&#x9EF; &#x9B6;&#x9A4;&#x995;</subfield>
    <subfield code="9">118925</subfield>
  </datafield>
  <datafield tag="650" ind1=" " ind2=" ">
    <subfield code="a">Norwegian drama.</subfield>
    <subfield code="y">19th century </subfield>
    <subfield code="9">118926</subfield>
  </datafield>
  <datafield tag="700" ind1=" " ind2=" ">
    <subfield code="a">&#x998;&#x9CB;&#x9B7;, &#x9B8;&#x9C1;&#x9A8;&#x9C0;&#x9B2;&#x995;&#x9C1;&#x9AE;&#x9BE;&#x9B0;</subfield>
    <subfield code="9">118927</subfield>
  </datafield>
  <datafield tag="942" ind1=" " ind2=" ">
    <subfield code="2">ddc</subfield>
    <subfield code="c">BK</subfield>
    <subfield code="0">1</subfield>
  </datafield>
  <datafield tag="999" ind1=" " ind2=" ">
    <subfield code="c">38525</subfield>
    <subfield code="d">38525</subfield>
  </datafield>
  <datafield tag="952" ind1=" " ind2=" ">
    <subfield code="0">0</subfield>
    <subfield code="1">0</subfield>
    <subfield code="2">ddc</subfield>
    <subfield code="4">0</subfield>
    <subfield code="7">1</subfield>
    <subfield code="8">NFIC</subfield>
    <subfield code="a">RUCL</subfield>
    <subfield code="b">RUCL</subfield>
    <subfield code="c">Reading</subfield>
    <subfield code="d">1996-12-31</subfield>
    <subfield code="e">Angkur Prokashan, Dhaka</subfield>
    <subfield code="g">25.00</subfield>
    <subfield code="l">1</subfield>
    <subfield code="o">B 839.8226 IBI V-2 1981</subfield>
    <subfield code="r">2016-01-23 00:00:00</subfield>
    <subfield code="s">2015-12-28</subfield>
    <subfield code="t">C-1</subfield>
    <subfield code="w">2021-12-09</subfield>
    <subfield code="y">BK</subfield>
  </datafield>
  <datafield tag="952" ind1=" " ind2=" ">
    <subfield code="0">0</subfield>
    <subfield code="1">0</subfield>
    <subfield code="2">ddc</subfield>
    <subfield code="4">0</subfield>
    <subfield code="7">1</subfield>
    <subfield code="8">NFIC</subfield>
    <subfield code="a">RUCL</subfield>
    <subfield code="b">RUCL</subfield>
    <subfield code="c">Reading</subfield>
    <subfield code="d">1996-12-31</subfield>
    <subfield code="e">Angkur Prokashan, Dhaka</subfield>
    <subfield code="g">25.00</subfield>
    <subfield code="l">0</subfield>
    <subfield code="o">B 839.8226 IBI V-1 1980</subfield>
    <subfield code="r">2017-05-04 00:00:00</subfield>
    <subfield code="t">C-1</subfield>
    <subfield code="w">2021-12-09</subfield>
    <subfield code="y">BK</subfield>
  </datafield>
  <datafield tag="952" ind1=" " ind2=" ">
    <subfield code="0">0</subfield>
    <subfield code="1">0</subfield>
    <subfield code="2">ddc</subfield>
    <subfield code="4">0</subfield>
    <subfield code="7">0</subfield>
    <subfield code="8">NFIC</subfield>
    <subfield code="a">RUCL</subfield>
    <subfield code="b">RUCL</subfield>
    <subfield code="c">Stack</subfield>
    <subfield code="d">1996-12-31</subfield>
    <subfield code="e">Angkur Prokashan, Dhaka</subfield>
    <subfield code="g">25.00</subfield>
    <subfield code="l">2</subfield>
    <subfield code="o">B 839.8226 IBI V-2 1981</subfield>
    <subfield code="r">2021-05-31 00:00:00</subfield>
    <subfield code="s">2021-04-04</subfield>
    <subfield code="t">C-2</subfield>
    <subfield code="w">2017-05-04</subfield>
    <subfield code="y">BK</subfield>
  </datafield>
  <datafield tag="952" ind1=" " ind2=" ">
    <subfield code="0">0</subfield>
    <subfield code="1">0</subfield>
    <subfield code="2">ddc</subfield>
    <subfield code="4">0</subfield>
    <subfield code="7">1</subfield>
    <subfield code="8">NFIC</subfield>
    <subfield code="a">RUCL</subfield>
    <subfield code="b">RUCL</subfield>
    <subfield code="c">Reading</subfield>
    <subfield code="d">1996-12-31</subfield>
    <subfield code="e">Angkur Prokashan, Dhaka</subfield>
    <subfield code="g">25.00</subfield>
    <subfield code="l">0</subfield>
    <subfield code="o">B 839.8226 IBI V-3 1982</subfield>
    <subfield code="r">2017-05-04 00:00:00</subfield>
    <subfield code="t">C-1</subfield>
    <subfield code="w">2021-12-09</subfield>
    <subfield code="y">BK</subfield>
  </datafield>
  <datafield tag="952" ind1=" " ind2=" ">
    <subfield code="0">0</subfield>
    <subfield code="1">0</subfield>
    <subfield code="2">ddc</subfield>
    <subfield code="4">0</subfield>
    <subfield code="7">0</subfield>
    <subfield code="8">NFIC</subfield>
    <subfield code="a">RUCL</subfield>
    <subfield code="b">RUCL</subfield>
    <subfield code="c">Stack</subfield>
    <subfield code="d">1996-12-31</subfield>
    <subfield code="e">Angkur Prokashan, Dhaka</subfield>
    <subfield code="g">25.00</subfield>
    <subfield code="l">2</subfield>
    <subfield code="o">B 839.8226 IBI V-3 1982</subfield>
    <subfield code="r">2021-05-31 00:00:00</subfield>
    <subfield code="s">2021-04-04</subfield>
    <subfield code="t">C-2</subfield>
    <subfield code="w">2017-05-06</subfield>
    <subfield code="y">BK</subfield>
  </datafield>
  <datafield tag="952" ind1=" " ind2=" ">
    <subfield code="0">0</subfield>
    <subfield code="1">0</subfield>
    <subfield code="2">ddc</subfield>
    <subfield code="4">0</subfield>
    <subfield code="7">0</subfield>
    <subfield code="8">NFIC</subfield>
    <subfield code="a">RUCL</subfield>
    <subfield code="b">RUCL</subfield>
    <subfield code="c">Stack</subfield>
    <subfield code="d">1996-01-06</subfield>
    <subfield code="e"> Ankur Prokasony</subfield>
    <subfield code="g">26.00</subfield>
    <subfield code="l">2</subfield>
    <subfield code="o">B 839.8226 IBI V-1 1980</subfield>
    <subfield code="r">2021-05-31 00:00:00</subfield>
    <subfield code="s">2021-04-04</subfield>
    <subfield code="t">C-2</subfield>
    <subfield code="w">2018-10-25</subfield>
    <subfield code="y">BK</subfield>
  </datafield>
</record>
